|
|
|
|
| LEADER |
00645cam a2200217ua 4500 |
| 008 |
130201t2011||||||||||| 00 ||mal c |
| 020 |
|
|
|a 978-81-264-3358-2
|
| 041 |
0 |
|
|a mal
|
| 082 |
|
|
|a M 894.812 3
|b MAR/B
|
| 245 |
0 |
0 |
|a Bishop Mar Panniyarmadam Koovunnu /
|
| 260 |
|
|
|a Kottayam:
|b D.C.Books,
|c 2011.
|
| 300 |
|
|
|a 104.
|
| 362 |
1 |
|
|a 2011.
|
| 365 |
|
|
|a Rs.60/-
|
| 650 |
|
|
|a Malayalam Literature
|
| 650 |
0 |
|
|a Short Story
|
| 650 |
0 |
|
|a Short Stories
|
| 700 |
0 |
2 |
|a Mariamma,
|
| 942 |
|
|
|c BK
|
| 999 |
|
|
|c 28318
|d 28318
|
| 952 |
|
|
|0 0
|1 0
|4 0
|6 M_894_812000000000000_3_MAR
|7 0
|9 30101
|a KUCL
|b KUCL
|d 2014-05-23
|l 0
|o M 894.812 3 MAR/
|p 30245
|r 2014-05-23
|w 2014-05-23
|y BK
|